LEADER 01535nam 2200349 n 450 001 996391659703316 005 20221108090502.0 035 $a(CKB)1000000000673509 035 $a(EEBO)2240942591 035 $a(UnM)99873143 035 $a(EXLCZ)991000000000673509 100 $a19850529d1643 uy | 101 0 $aeng 135 $aurbn||||a|bb| 200 10$aSome notable observations upon the late svmmons by the Earl of Newcastle, of the town of Manchester. Written by a worthy member of the House of Commons, and appointed to be printed. Imprimatur John White$b[electronic resource] 210 $aLondon $cPrinted for Edvvard Husbands, and are to be sold in the Middle-Temple$d1643. August 4 215 $a8 p 300 $aThe summons is included in text. 300 $areproduction of the original in the British Library. 330 $aeebo-0018 607 $aManchester (England)$xHistory$vEarly works to 1800 607 $aGreat Britain$xHistory$yCivil War, 1642-1649$vEarly works to 1800 700 $aWorthy member of the House of Commons$01001677 701 $aNewcastle$b William Cavendish$cDuke of,$f1592-1676.$0118382 801 0$bCu-RivES 801 1$bCu-RivES 801 2$bCStRLIN 801 2$bWaOLN 906 $aBOOK 912 $a996391659703316 996 $aSome notable observations upon the late svmmons by the Earl of Newcastle, of the town of Manchester. Written by a worthy member of the House of Commons, and appointed to be printed. Imprimatur John White$92298953 997 $aUNISA LEADER 01413nam0 22002891i 450 001 UON00495059 005 20231205105349.547 100 $a20190527f19701975 |0itac50 ba 101 $aita 102 $aIT 105 $a|||| ||||| 200 1 $aNuovi dati intorno alla biografia di Francisco Delicado desunti da una sua sconosciuta operetta$econ cinque appendici$fFrancesco A. Ugolini 205 $aPerugia : Grafica Salvi$b[197.] 210 $aP. 446-615, 8 c. di tav.$cill. ; 24 cm 215 $aEstr. da: Annali della Facoltà di Lettere e Filosofia dell'Università degli Studi di Perugia, 12 (1974-1975). 316 $aDono Prof. Alberto Varvaro.$5IT-UONSI F. Varvaro1535 606 $aLetteratura spagnola$3UONC060988$2FI 620 $aIT$dPerugia$3UONL000646 676 $a860.9$cLetteratura spagnola. Storia, descrizione, studi critici$v22 700 1$aUgolini$bFrancesco A.$3UONV211219$0158356 712 $aGrafica Salvi$3UONV283560$4650 801 $aIT$bSOL$c20250627$gRICA 899 $aSIBA - SISTEMA BIBLIOTECARIO DI ATENEO$2UONSI 912 $aUON00495059 950 $aSIBA - SISTEMA BIBLIOTECARIO DI ATENEO$dSI F. Varvaro1535 $eSI 29705 7 Dono Prof. Alberto Varvaro. 996 $aNuovi dati intorno alla biografia di Francisco Delicado desunti da una sua sconosciuta operetta$91556898 997 $aUNIOR